| 000 | 00427nam a22001817a 4500 | ||
|---|---|---|---|
| 003 | MPLRDC | ||
| 005 | 20220104143922.0 | ||
| 008 | 210129b ||||| |||| 00| 0 eng d | ||
| 082 | _a811.1 MH-1 | ||
| 100 | _a马汉著 | ||
| 245 |
_a学生作文通病25例 _c |
||
| 250 | _a初版 | ||
| 260 |
_a _b南洋商报 _c1994 |
||
| 300 | _b平 | ||
| 490 | _a南洋商报学好作文25例 | ||
| 650 | _a | ||
| 942 |
_cBK _o811.1 MH-1 |
||
| 999 |
_c44622 _d44612 |
||